000 00560nam a22001817a 4500
005 20251108164834.0
008 250721s1995 xx 000 0 ara d
082 1 4 _a616.6/خور
100 1 _aخوري، سميح
245 1 0 _aكابوس العقم في الحياة الزوجية /
264 1 _aعمان :
_bدار الفارس للنشر و التوزيع،
_c1995.
300 _a179ص
650 1 7 _aالعقم
650 1 7 _aالجهاز التناسلي
650 1 7 _aأمراض الجهاز التناسلي
942 _2ddc
_cBK
999 _c15583
_d15583